Catálogo
 En Linea

"Ready for the plaintiff!" / (Registro nro. 12468)

Detalles MARC
000 -CABECERA
campo de control de longitud fija 00723cam a2200229 a 4500
001 - NÚMERO DE CONTROL
campo de control 000012818
005 - FECHA Y HORA DE LA ÚLTIMA TRANSACCIÓN
campo de control 20200929163100.0
008 - DATOS DE LONGITUD FIJA--INFORMACIÓN GENERAL
campo de control de longitud fija 911204s1963 nyuc 000 0 eng d
040 ## - FUENTE DE LA CATALOGACIÓN
Centro catalogador/agencia de origen DO-SdBNP
Lengua de catalogación eng
Centro/agencia transcriptor LC
Centro/agencia modificador BNPHU
050 00 - SIGNATURA TOPOGRÁFICA DE LA BIBLIOTECA DEL CONGRESO
Número de clasificación KF8925.P4
Número de documento/Ítem B4 1956
082 ## - NÚMERO DE LA CLASIFICACIÓN DECIMAL DEWEY
Número de clasificación nn*
Número de documento/Ítem B443r
049 ## - FONDOS LOCALES (OCLC)
Fondos de biblioteca BNGR
100 1# - ENTRADA PRINCIPAL--NOMBRE DE PERSONA
Nombre de persona Belli, Melvin M.,
Fechas asociadas al nombre 1907-1996.
9 (RLIN) 29635
245 12 - MENCIÓN DE TÍTULO
Título "Ready for the plaintiff!" /
Mención de responsabilidad, etc. Melvin M. Belli.
260 ## - PUBLICACIÓN, DISTRIBUCIÓN, ETC.
Lugar de publicación, distribución, etc. New York :
Nombre del editor, distribuidor, etc. Charper Books,
Fecha de publicación, distribución, etc. 1963.
300 ## - DESCRIPCIÓN FÍSICA
Extensión 338, [32] p. :
Otras características físicas retrs. ;
Dimensiones 24 cm.
490 1# - MENCIÓN DE SERIE
Mención de serie Boos Merrill,
Designación de volumen o secuencia 125
500 ## - NOTA GENERAL
Nota general "Ilustrado con fotografías".
650 #0 - PUNTO DE ACCESO ADICIONAL DE MATERIA--TÉRMINO DE MATERIA
Término de materia o nombre geográfico como elemento de entrada Personal injuries
Subdivisión geográfica United States.
9 (RLIN) 29636
830 #0 - PUNTO DE ACCESO ADICIONAL DE SERIE-TÍTULO UNIFORME
Título uniforme Boos Merrill,
Designación de volumen o secuencia 125
9 (RLIN) 29637
910 ## - DATOS DE OPCIÓN DEL USUARIO (OCLC)
Datos de opción del usuario Catalogación por copia / LC
Existencias
Estado de retiro Estado de pérdida Restricciones de uso No para préstamo Código de colección Localización permanente Ubicación/localización actual Ubicación en estantería Fecha de adquisición Número de inventario Total de préstamos Signatura topográfica completa Código de barras Fecha visto por última vez Precio válido a partir de Tipo de ítem Koha
        Monografías: Libros y Folletos General General En catalogación 17.11.2009 LF1   nn* B443r 12818-10 25.06.2020 25.06.2020 Préstamo en sala

Con tecnología Koha